<?xml version="1.0" encoding="UTF-8"?>
<collection xmlns="http://www.loc.gov/MARC21/slim">
 <record>
  <leader>00407pamaa2200133   4500</leader>
  <controlfield tag="001">0000019776</controlfield>
  <controlfield tag="005">20060922090000.0</controlfield>
  <datafield tag="020" ind1="0" ind2="0">
   <subfield code="a">0192141953 / 0192822772 (pbk) </subfield>
  </datafield>
  <datafield tag="090" ind1="0" ind2="0">
   <subfield code="a">PN56.5.V5095 </subfield>
   <subfield code="b">OXF 1992</subfield>
  </datafield>
  <datafield tag="245" ind1="0" ind2="4">
   <subfield code="a">The OXFORD book of villains  </subfield>
   <subfield code="c">edited by John Mortimer.</subfield>
  </datafield>
  <datafield tag="260" ind1="0" ind2="0">
   <subfield code="a">Oxford: </subfield>
   <subfield code="b">Oxford University Press, </subfield>
   <subfield code="c">1992.</subfield>
  </datafield>
  <datafield tag="300" ind1=" " ind2=" ">
   <subfield code="a">xii, 431p.; </subfield>
   <subfield code="c">25 cm.</subfield>
  </datafield>
  <datafield tag="650" ind1="0" ind2="0">
   <subfield code="a">Villains in literature </subfield>
  </datafield>
  <datafield tag="700" ind1="1" ind2="1">
   <subfield code="a">Mortimer, </subfield>
   <subfield code="h">John </subfield>
  </datafield>
 </record>
</collection>
